| 000 | 00828nam a22002297a 4500 | ||
|---|---|---|---|
| 999 |
_c12866 _d12866 |
||
| 003 | AR-CdUCM | ||
| 008 | 190410b ||||| |||| 00| 0 spa d | ||
| 040 |
_aMUNICIPALIDAD PROVINCIAL DEL CUSCO _cBIBLIOTECA MUNICIPAL DEL CUSCO |
||
| 041 | _heng | ||
| 082 |
_a170.4 / _bM84 / 1964 |
||
| 100 |
_aMoore, George E. _923968 |
||
| 245 | _aÉtica / | ||
| 260 |
_aMéxico D. F. : _bNacional EDINAL, _c1964. |
||
| 300 |
_a194 páginas ; _c17 cm. |
||
| 505 | _aContenido: El utilitarismo -- El utilitarismo II -- Objetividad de los juicios morales -- Resultados de la prueba de lo justo y lo injusto -- El libre albedrío ... | ||
| 650 |
_aÉtica _91337 |
||
| 650 |
_aEnsayos _9375 |
||
| 650 |
_aUtilitarismo _923970 |
||
| 700 |
_aCardenal Iracheta, Manuel (traducción) _923971 |
||
| 942 |
_2ddc _cLIBROS |
||
| 945 |
_aachl _d2019-04-10 |
||